00341nam a2200121Ia 4500008004100000082001700041100001900058245002800077260002700105300001000132630001800142650005900160211109s9999||||xx |||||||||||||| ||und|| a155.2bALB-P aAlbers, Rudolf 0aPsychology Of Character bUn KnownaLondonc1943 a326p. xGeneral Stack apsychologyvapplied psychologymental healthxGeneralia